ARRUPE JESUIT UNIVERSITY

CORONAVIRUS -STOP THE SPREAD - CLEAN,DISINFECT,COVER

Alors l'un devint deux : (Record no. 123258)

MARC details
000 -LEADER
fixed length control field 00986cam a22002894a 4500
001 - CONTROL NUMBER
control field 12697672
003 - CONTROL NUMBER IDENTIFIER
control field ARRUPE
005 - DATE AND TIME OF LATEST TRANSACTION
control field 20150907125603.0
008 - FIXED-LENGTH DATA ELEMENTS--GENERAL INFORMATION
fixed length control field 020212s2002 fr a b 000 0 fre
010 ## - LIBRARY OF CONGRESS CONTROL NUMBER
LC control number 2002409742
020 ## - INTERNATIONAL STANDARD BOOK NUMBER
International Standard Book Number 2082100340
035 ## - SYSTEM CONTROL NUMBER
System control number (FrPJT)JTL00085347
040 ## - CATALOGING SOURCE
Original cataloging agency DLC
Transcribing agency DLC
042 ## - AUTHENTICATION CODE
Authentication code pcc
050 00 - LIBRARY OF CONGRESS CALL NUMBER
Classification number QA8.4
Item number .O45 2002
300 ## - PHYSICAL DESCRIPTION
Other physical details ill. ;
Dimensions 23 cm.
100 1# - MAIN ENTRY--PERSONAL NAME
Personal name Omnès, Roland.
9 (RLIN) 13711
245 10 - TITLE STATEMENT
Title Alors l'un devint deux :
Remainder of title la question du réalisme en physique et en philosophie des mathématiques /
Statement of responsibility, etc Roland Omnès.
260 ## - PUBLICATION, DISTRIBUTION, ETC. (IMPRINT)
Place of publication, distribution, etc Paris :
Name of publisher, distributor, etc Flammarion,
Date of publication, distribution, etc c2002.
300 ## - PHYSICAL DESCRIPTION
Extent 398 p. :
440 #0 - SERIES STATEMENT/ADDED ENTRY--TITLE
Title Nouvelle bibliothèque scientifique
9 (RLIN) 19381
504 ## - BIBLIOGRAPHY, ETC. NOTE
Bibliography, etc Includes bibliographical references (p. [387]-389).
650 #0 - SUBJECT ADDED ENTRY--TOPICAL TERM
Topical term or geographic name as entry element Mathematics
General subdivision Philosophy.
9 (RLIN) 19382
650 #0 - SUBJECT ADDED ENTRY--TOPICAL TERM
Topical term or geographic name as entry element Physics
General subdivision Philosophy.
9 (RLIN) 19383
906 ## - LOCAL DATA ELEMENT F, LDF (RLIN)
a 7
b cbc
c origres
d 3
e ncip
f 20
g y-gencatlg
942 ## - ADDED ENTRY ELEMENTS (KOHA)
Source of classification or shelving scheme Library of Congress Classification
Koha item type Monograph ( Printed materials)
Holdings
Withdrawn status Lost status Source of classification or shelving scheme Damaged status Not for loan Collection code Home library Current library Shelving location Date acquired Total Checkouts Full call number Barcode Date last seen Date checked out Price effective from Koha item type
    Library of Congress Classification     Main Collection ARRUPE LIBRARY ARRUPE LIBRARY Main Collection 07/09/2015 1 QA8.4O45 2002 46500004284 27/05/2020 13/03/2020 07/09/2015 Monograph ( Printed materials)

 

Arrupe Library. PO Box MP320 Mt Pleasant, Harare, Zimbabwe
263 242 745411|librarian@aju.ac.zw